000 00847nam a2200277Ia 4500
003 OSt
005 20221005060937.0
006 a|||||r|||| 00| 0
007 ta
008 221004b |||||||| |||| 00| 0 eng d
020 _a9781138543775 (hbk)
_cUKP 115.00
024 _a66981
037 _b227, 06/03/2020, Classic Book Service
_cTextual
040 _aCRL
_cCRL
_beng
041 _2eng
_aeng
082 _aY:45, Q9
100 _aJuss Satvinder S. Ed.
_9600013
245 0 _aBeyond human rights and the war on terror
260 _aLondon
_bRoutledge UK
_c2019
300 _axxii,256p.
_ccm.
490 _aRoutledge research inhuman rights law
650 _a TERRORISM
650 _aSOCIOLOGY
942 _hY:45, Q9
_cTEXL
_2cc
999 _c967468
_d967468